Adakområdet, (Record no. 28345)
[ view plain ]
| 000 -LEADER | |
|---|---|
| fixed length control field | 01046cam a22002891 4500 |
| 001 - CONTROL NUMBER | |
| control field | gs 49000072 |
| 003 - CONTROL NUMBER IDENTIFIER | |
| control field | DLC |
| 005 - DATE AND TIME OF LATEST TRANSACTION | |
| control field | 20260227111355.0 |
| 008 - FIXED-LENGTH DATA ELEMENTS--GENERAL INFORMATION | |
| fixed length control field | 891026s1948 sw bf b 000 0 swe c |
| 010 ## - LIBRARY OF CONGRESS CONTROL NUMBER | |
| LC control number | gs 49000072 |
| 035 ## - SYSTEM CONTROL NUMBER | |
| System control number | (OCoLC)20554001 |
| 040 ## - CATALOGING SOURCE | |
| Original cataloging agency | U.S. Geol. Survey. Library |
| Transcribing agency | CU |
| Modifying agency | CU |
| -- | DLC |
| 041 0# - LANGUAGE CODE | |
| Language code of text/sound track or separate title | swe |
| Language code of summary or abstract | eng |
| 042 ## - AUTHENTICATION CODE | |
| Authentication code | premarc |
| 050 00 - LIBRARY OF CONGRESS CALL NUMBER | |
| Classification number | QE282 |
| Item number | .A3 Ser. C, no. 490 |
| 100 1# - MAIN ENTRY--PERSONAL NAME | |
| Personal name | Gavelin, Sven, |
| Dates associated with a name | 1909- |
| 245 10 - TITLE STATEMENT | |
| Title | Adakområdet, |
| Remainder of title | översikt av berggrund och malmer. |
| 260 ## - PUBLICATION, DISTRIBUTION, ETC. | |
| Place of publication, distribution, etc. | Stockholm, |
| Name of publisher, distributor, etc. | P.A. Norstedt, |
| Date of publication, distribution, etc. | 1948. |
| 300 ## - PHYSICAL DESCRIPTION | |
| Extent | 54 p. |
| Other physical details | illus., fold. col. plate, fold. map (in pocket) |
| Dimensions | 24 cm. |
| 490 1# - SERIES STATEMENT | |
| Series statement | Sweden. Geologiska undersökningen. Ser. C. Avhandlingar och uppsatser. |
| Volume/sequential designation | n:o 491. Årsbok 41 (1947) n:o 9 |
| 500 ## - GENERAL NOTE | |
| General note | Summary in English. |
| 504 ## - BIBLIOGRAPHY, ETC. NOTE | |
| Bibliography, etc. note | "Litteratur": p. 54. |
| 650 #0 - SUBJECT ADDED ENTRY--TOPICAL TERM | |
| Topical term or geographic name entry element | Geology |
| Geographic subdivision | Sweden |
| -- | Adak area. |
| 650 #0 - SUBJECT ADDED ENTRY--TOPICAL TERM | |
| Topical term or geographic name entry element | Ore deposits |
| Geographic subdivision | Sweden |
| -- | Adak area. |
| 830 #0 - SERIES ADDED ENTRY--UNIFORM TITLE | |
| Uniform title | Ser. C--Avhandlingar och uppsatser ; |
| Volume/sequential designation | n:o 491. |
| 830 #0 - SERIES ADDED ENTRY--UNIFORM TITLE | |
| Uniform title | Årsbok (Sveriges geologiska undersökning) ; |
| Volume/sequential designation | 41 : n:o 9. |
No items available.